SULTAN 'ALA'UDDIN SULEIMAN SHAH : PAYUNG KESENTOSAAN NEGERI SELANGOR

Bibliographic Details
Main Author: Muhamad Adha Abd. Jalil (Author)
Other Authors: Muhammad Amir Ashraf Rosdin (Editor), Norziati Mohd Rosman (Editor)
Format: Book
Language:Malay
Published: Kajang, Selangor : Akademi Jawi Malaysia Sdn Bhd 2021
Subjects:

MARC

LEADER 00000cam a2200000 7i4500
001 0000145029
005 20220705.0
008 220705t20212021my o xbi b may
020 |a 9789672422143 
040 |a PERPUSTAM   |b eng   |c PERPUSTAM   |e rda 
041 |a may 
090 0 0 |a 923.1595115   |b ALA 
100 0 |a Muhamad Adha Abd. Jalil ,   |e author 
245 1 0 |a SULTAN 'ALA'UDDIN SULEIMAN SHAH :   |b PAYUNG KESENTOSAAN NEGERI SELANGOR   |c Muhamad Adha Abd Jalil ; Penyunting: Muhammad Amir Ashraf Rosdin, Norziati Mohd Rosman 
264 1 |a Kajang, Selangor :   |b Akademi Jawi Malaysia Sdn Bhd   |c 2021 
264 4 |c ©2021 
300 |a xiii, 251 pages :   |b colour photographs ;   |c 29 cm. 
336 |a text  |2 rdacontent 
337 |a unmediated  |2 rdamedia 
338 |a volume  |2 rdacarrier 
500 |a Includes index 
504 |a Bibliography: pages 221-231 
600 0 4 |a 'Ala'uddin Suleiman Shah ibni al-Marhum Raja Muda Raja Musa ,   |c Sultan ,   |d 1863-1938 
650 1 0 |a Sultans   |z Malaysia   |z Selangor   |v Biography 
650 2 0 |a Kings and rulers   |v Biography 
651 1 |a Selangor (Malaysia)   |x Kings and rulers   |x History 
700 0 |a Muhammad Amir Ashraf Rosdin ,   |e editor 
700 0 |a Norziati Mohd Rosman ,   |e editor 
999 |a 0000722460   |b Buku   |c Rak Terbuka   |e Perbadanan Perpustakaan Awam Melaka 
999 |a 0000722461   |b Buku   |c Rak Terbuka   |e Perbadanan Perpustakaan Awam Melaka 
999 |a 0000722462   |b Buku   |c Rak Terbuka   |e Perbadanan Perpustakaan Awam Melaka 
999 |a 0000722463   |b Buku   |c Rak Terbuka   |e Perpustakaan Cawangan Jasin 
999 |a 0000722464   |b Buku   |c Rak Terbuka   |e Perpustakaan Cawangan Masjid Tanah 
999 |a 0000722465   |b Buku   |c Rak Terbuka   |e Perpustakaan Cawangan Merlimau 
999 |a 0000722466   |b Buku   |c Rak Terbuka   |e Perpustakaan Komuniti UTC Melaka 
999 |a 0000722467   |b Buku   |c Rak Terbuka   |e Perbadanan Perpustakaan Awam Melaka 
999 |a 0000722468   |b Buku   |c Rak Terbuka   |e Perbadanan Perpustakaan Awam Melaka 
999 |a 0000722469   |b Buku   |c Rak Terbuka   |e Perbadanan Perpustakaan Awam Melaka 
999 |a 0000722470   |b Buku   |c Rak Terbuka   |e Perbadanan Perpustakaan Awam Melaka